| 000 | 00785nam a2200229 u 4500 | ||
|---|---|---|---|
| 001 | 000572472 | ||
| 003 | AM-YeHGA | ||
| 005 | 20250617140839.0 | ||
| 008 | 080319s2007 ||| r 000 0 rus d | ||
| 020 | _a9785948361116 | ||
| 040 | _aAM-YeHGA | ||
| 041 | 1 |
_arus _heng |
|
| 100 | 1 | _aДжексон, Р.Г. | |
| 245 | 1 | 0 |
_aНовейшие датчики / _cР.Г. Джексон ; Пер. с англ. под ред. В.В. Лучинина. |
| 260 |
_aМосква : _bТехносфера, _c2007. |
||
| 300 |
_a380 с. : _bил., табл. |
||
| 440 | 0 |
_aМир электроники _v7 (30) |
|
| 650 | 1 | 4 | _aАвтоматика и телемеханика |
| 650 | 1 | 4 | _aАвтоматика |
| 653 | 0 | _aДатчики (преобразователи) | |
| 090 | _c229346 | ||
| 999 |
_c227803 _d227803 |
||